Physics of the human body/ (Record no. 8690)

MARC details
000 -LEADER
fixed length control field 00875nam a2200205 4500
003 - CONTROL NUMBER IDENTIFIER
control field OSt
005 - DATE AND TIME OF LATEST TRANSACTION
control field 20240621114508.0
008 - FIXED-LENGTH DATA ELEMENTS--GENERAL INFORMATION
fixed length control field 240621b |||||||| |||| 00| 0 eng d
020 ## - INTERNATIONAL STANDARD BOOK NUMBER
International Standard Book Number 139780801894565
020 ## - INTERNATIONAL STANDARD BOOK NUMBER
International Standard Book Number 100801894565
040 ## - CATALOGING SOURCE
Original cataloging agency DDC
Transcribing agency MUST
082 ## - DEWEY DECIMAL CLASSIFICATION NUMBER
Edition number 22
Classification number 530 MCC
100 ## - MAIN ENTRY--PERSONAL NAME
Personal name McCall. Richard P.
9 (RLIN) 17569
245 ## - TITLE STATEMENT
Title Physics of the human body/
Statement of responsibility, etc. Richard P. McCall
260 ## - PUBLICATION, DISTRIBUTION, ETC. (IMPRINT)
Place of publication, distribution, etc. Baltimore
Name of publisher, distributor, etc. John Hopkins University Press
Date of publication, distribution, etc. c2010
300 ## - PHYSICAL DESCRIPTION
Extent ix,301p.; ix
Other physical details ill:
Dimensions 23cm
504 ## - BIBLIOGRAPHY, ETC. NOTE
Bibliography, etc includes indexes
650 ## - SUBJECT ADDED ENTRY--TOPICAL TERM
Topical term or geographic name as entry element Physics
9 (RLIN) 809
942 ## - ADDED ENTRY ELEMENTS (KOHA)
Source of classification or shelving scheme Dewey Decimal Classification
Koha item type Open Shelf
Holdings
Withdrawn status Lost status Source of classification or shelving scheme Damaged status Not for loan Home library Current library Source of acquisition Inventory number Total Checkouts Full call number Barcode Date last seen Koha item type
    Other/Generic Classification Scheme     MUST Main Library MUST Main Library Donation 11/35352   530 MCC 2024-20987 21/06/2024 Open Shelf